The Ramayan And Other Oral Narratives of the Kunknas/ (Record no. 190663)

MARC details
000 -LEADER
fixed length control field 00543nam a22001697a 4500
005 - DATE AND TIME OF LATEST TRANSACTION
control field 20220802113940.0
010 ## - LCCN (DPL NO)
LC control number ENG-134152
020 ## - INTERNATIONAL STANDARD BOOK NUMBER
International Standard Book Number 9788173731074
Terms of availability 200.00
035 ## - SYSTEM CONTROL NUMBER
System control number EN-117684
037 ## - SOURCE OF ACQUISITION
Source of stock number/acquisition DBAB/PUB
082 ## - DEWEY DECIMAL CLASSIFICATION NUMBER
Classification number 230
245 ## - TITLE STATEMENT
Title The Ramayan And Other Oral Narratives of the Kunknas/
Statement of responsibility, etc Translated by Avaneesh Bhatt
260 ## - PUBLICATION, DISTRIBUTION, ETC. (IMPRINT)
Place of publication, distribution, etc Mysore
Name of publisher, distributor, etc Central Institute of Indian Languages
Date of publication, distribution, etc 2012
270 ## - ADDRESS
Address Manasagangotri, P.O. Hunsur Road
City Mysore
Postal code 570006
300 ## - PHYSICAL DESCRIPTION
Extent 174p.
Dimensions 22cm(pbk)
942 ## - ADDED ENTRY ELEMENTS (KOHA)
Source of classification or shelving scheme Dewey Decimal Classification
Item type English Books
Classification part 230
Call number suffix RAM
Holdings
Withdrawn status Lost status Not for loan Collection code Home library Current library Date acquired Source of acquisition Cost, normal purchase price Full call number Barcode Copy number Cost, replacement price Koha item type
      Non-fiction Bawana Bawana 02/08/2022 DBAD/PUB 200.00 230 RAM EN-117684 1 200.00 English Books

© Delhi Public Library
Hit Counter
free hit counter